Chicago by Picture - Statistics

General Stats
  • This quiz has been taken 119 times
  • The average score is 10 of 15
Answer Stats
Picture Hint Answer % Correct
Building Sears Tower (Willis Tower)
94%
Landmark The Bean (Cloud Gate)
92%
Transportation The "L"
88%
Stadium Wrigley Field
88%
Tourist Attraction Navy Pier
78%
Stadium Soldier Field
75%
Building Trump Tower
72%
Building Hancock Tower
70%
Landmark Buckingham Fountain
64%
Landmark Chicago Water Tower
55%
Park Millennium Park
52%
Museum Adler Planetarium
47%
Museum Art Institute of Chicago
44%
Museum Museum of Science and Industry
40%
Tourist Attraction Crown Fountain
8%
No matching quizzes found
Score Distribution
Percent of People with Each Score
Percentile by Number Answered
Your Score History
You have not taken this quiz